Sports Quiz

Random Sports or WWE Quiz

WWF Attitude Era Roster Quiz Stats

Quiz not verified by Sporcle

Also try: NFL Leaders (2017)
Challenge
Share
Tweet
Embed
Score 0/164 Timer 20:00
0 Plays Today
Debut Wrestler % Correct
1998Rocco Rock
91.6%
1971Vince McMahon
91.3%
1996The Rock
91.2%
1995Stone Cold
90.2%
1995HHH
88.9%
1990Undertaker
88%
1998Shane McMahon
87.7%
1995Kane
87.1%
1999Stephanie McMahon
85%
1987Shawn Michaels
84.4%
1996Mankind
84.3%
1998Edge
82.6%
1993Billy Gunn
81%
1998Christian
80.9%
1993X-Pac
80.8%
1994Road Dogg
79.3%
1998Jeff Hardy
79.2%
1999Linda McMahon
79.1%
1998Matt Hardy
79.1%
1988Big Bossman
78.2%
1991Owen Hart
78%
1997Chyna
76.9%
1996Bradshaw
75.7%
1999Chris Jericho
74.7%
1996Faarooq
74.7%
1998William Regal
73.8%
1999Kurt Angle
73%
1999Big Show
72.7%
2000Lita
72.5%
1999Bubba Ray Dudley
72.2%
2000Chris Benoit
72.2%
1999D-Von Dudley
72%
2000Trish Stratus
71.3%
1992Jerry 'The King' Lawler
70.4%
1997Ken Shamrock
70%
1991Godfather
68.9%
2000Eddie Guerrero
68.8%
2001Spike Dudley
68.3%
1994Hardcore Holly
68.1%
1998Gangrel
67.9%
1999Test
67.9%
1993Jim Ross
67.3%
1997DLo Brown
67.2%
1996Mark Henry
67%
1999Crash Holly
66.8%
1992Rikishi
66.1%
1996Sable
65.7%
1995Goldust
65.5%
1998Val Venis
64.7%
1997Scotty 2 Hotty
63.2%
2000Molly Holly
62.4%
2000Perry Saturn
62.2%
1993Viscera
61.8%
1993Bart Gunn
61.6%
2000Dean Malenko
61.6%
Debut Wrestler % Correct
1979Pat Patterson
61.1%
1995Al Snow
60.9%
1997Michael Cole
60.7%
1984British Bulldog
59.6%
1984Gerald Brisco
59.3%
1997Grandmaster Sexay
59%
1997Steve Blackman
58%
1999Albert
57.2%
2000Tazz
57.1%
1993Jeff Jarrett
56.5%
1990Paul Bearer
55.9%
1999Ryan Shamrock
55.6%
1999Ivory
55%
1996Mideon
54.8%
1990Animal
54.3%
1990Hawk
54.1%
1980Sgt Slaughter
52.2%
1997Taka Michinoku
52%
1998Funaki
51.4%
1996Terri
50.1%
1996Mosh
49.9%
1999Tori
49.6%
1993Raven
49.1%
1996Vader
48.1%
1996Thrasher
47.8%
1998Jacqueline
47.6%
1996Marc Mero
47.4%
1999Steven Richards
46.8%
1994Sunny
45.8%
19958 Ball
45.5%
1985Terry Funk
45.4%
1995Ahmed Johnson
45%
1999The Kat
43.8%
1995Skull
42.7%
1998Debra
42.5%
1994Savio Vega
41.1%
1998Droz
40.9%
1996Scorpio
40.7%
1997Bull Buchanan
40.3%
1999Mae Young
40.3%
1993Luna
40.2%
2001Rhyno
39.5%
1999Pete Gas
39.2%
1997Kurrgan
37.7%
1997Essa Rios
37.2%
1983Fabulous Moolah
37%
1999Joey Abs
36.5%
1999Rodney
35.8%
1998Gillberg
34.9%
1989Golga
34.9%
1994Chainz
34.6%
2001Paul Heyman
34.3%
1998Blue Meanie
33%
2000Jonathan Coachman
32.8%
1977Bob Backlund
32.1%
Debut Wrestler % Correct
1992Yokozuna
31.8%
1999Shawn Stasiak
31%
1996Kevin Kelly
31%
1997Miguel Perez Jr
30.4%
1993Jim Cornette
30.1%
1994Mark Canterbury
28.8%
1998Dan 'The Beast' Severn
28.2%
1984Michael Hayes
27.8%
1998Giant Silva
26.9%
1996Fake Razor
26.8%
1999BB
26.3%
1997Butterbean
26.2%
1998Dick Togo
25.7%
1997Max Mini
25.2%
1998Steve Williams
24.7%
1998Yamaguchi San
24.3%
1997Tiger Ali Singh
23.8%
1986Haku
23.6%
2001Justin Credible
23%
1999Nicole Bass
21.7%
2000Just Joe
21.2%
1998Mens Teioh
21%
2000K-Kwik
20.6%
1993Mr Hughes
20.2%
1983Brooklyn Brawler
19.6%
1998Johnny Grunge
19.3%
1998Violent J
19.2%
1984Barry Windham
19.2%
1997The Jackyl
18.3%
1998Shaggy 2 Dope
18.2%
1997Sniper
18.1%
1997Jose Estrada
18.1%
1997Jesus Castillo
16.6%
1997The Patriot
15.5%
1990Paul Ellering
15.3%
1991Harvey Whippleman
14.1%
1996Tom Brandi
14%
1998Ricky Morton
13.7%
1998Tennessee Lee
13.7%
1998Babu
13.4%
1998Robert Gibson
13.3%
1996Phil LaFon
13.1%
1996Doug Furnas
13.1%
1986Jacques Rougeau
12.7%
1997Tank
10.9%
1999Key
10.9%
1998Brakus
10.6%
1999Dan Jackson
9.8%
1997Scott Putski
9.6%
1993Pierre Ouellet
8.9%
1997Pantera
8.8%
1997Super Loco
7.4%
1997Glen Kulka
5.7%
1997Paul Silvia
4.1%

You're not logged in!

Compare scores with friends on all Sporcle quizzes.
Sign Up with Email
OR
Log In

You Might Also Like...

Show Comments

Extras

Top Quizzes Today


Score Distribution

Your Account Isn't Verified!

In order to create a playlist on Sporcle, you need to verify the email address you used during registration. Go to your Sporcle Settings to finish the process.